Taylor Swift - Devine la chanson sans indices #41 - Statistiques

Statistiques générales
  • Ce quiz a été pris 286 fois
  • Le résultat moyen est 342 sur 452
Statistiques - réponses
Réponse % Correct
I
99%
a
98%
You
98%
you
98%
(You
98%
The
95%
the
95%
me
93%
me?"
93%
me?
93%
me,
93%
do
91%
an
90%
of
90%
to
90%
and
89%
And
89%
it
89%
we
89%
who
89%
be
88%
be)
88%
your
88%
is
87%
Is
87%
is?
87%
that
87%
That
87%
So
86%
what
86%
But
84%
but
84%
my
84%
did?
83%
don't
82%
"Don't
82%
in
82%
little
82%
on
82%
where
82%
afraid
81%
for
81%
If
81%
if
81%
should
81%
they
81%
who's
81%
"Who’s
81%
"Who's
81%
Who's
81%
I'm
80%
old
80%
Then
80%
then
80%
not
79%
tell
79%
was
79%
about
78%
this
78%
At
77%
hear
77%
like
77%
you're
77%
all
76%
said
75%
said?
75%
can
74%
get
74%
as
73%
her
73%
didn't
72%
sad
70%
feel
69%
from
69%
hurt
69%
just
69%
say
69%
everything
68%
down
67%
made
66%
why
66%
attack
65%
bad
65%
could
65%
I'll
65%
life
65%
had
64%
out
64%
scream
64%
Well,
64%
how
63%
street
63%
one
62%
has
61%
'Cause
60%
'cause
60%
with
60%
last
59%
mean
59%
more
59%
am
58%
circus
58%
levitate
58%
party
58%
'til
58%
that's
57%
took
57%
wanted
57%
dead,
56%
teeth"
56%
wouldn't
56%
Crash
55%
should've
55%
still
55%
worry,
55%
always
54%
raised
54%
hour
53%
cry
52%
drunk
52%
gallows
52%
gentle
52%
joke
52%
own
52%
poised
52%
asylum
51%
isn't
51%
tame,
51%
tears,
51%
into
50%
makes
50%
alive
49%
along
49%
good
49%
Nothing
49%
record
49%
singin'
49%
wanna
49%
Let's
48%
scratch
48%
their
48%
until
48%
wonder
48%
wrong
48%
called
47%
crazy
47%
folks,
47%
laugh
47%
scandal
47%
show
47%
songs
47%
step
47%
broke?
46%
disturbed
45%
hands
45%
house
45%
Put
45%
keep
44%
name
44%
leap
43%
sue
43%
contained
42%
fearsome
42%
narcotics
42%
bare
40%
caged
40%
bullet
39%
sneak
39%
costs,
38%
kids
38%
lawn
38%
cobwebs
34%
trained
31%
paths
30%
snarl
30%
wretched
29%
taught
27%
paved
26%
grazed
24%
lured
19%
Aucun quiz correspondant
Distribution des résultats
% des personnes avec chaque résultat
Percentile par nombre de réponses
Votre historique - résultats
Vous n’avez pas pris ce quiz